000 02588nam a22002657a 4500
001 114119
003 DR-UNIBE
005 20251002101533.0
008 251001b2023 sp ||||| |||| 00| 0 spa d
020 _a9788411972383
040 _aBIBLIOTECA UNIBE
_cBIBLIOTECA UNIBE
_erda
041 _aspa
082 _a341.6 J96L 2023
100 _aJuste Ruíz, José
_eautor
_9108509
245 1 0 _aLecciones de derecho internacional público /
_cJosé Juste Ruiz, Mireya Castillo Daudí, Valentín Bou Franch
250 _aCuarta edición
260 _aValencia :
_bTirant lo Blanch,
_c2023
300 _a670 páginas
490 _a Tirant lo Blanch. Manuales
505 _aPARTE PRIMERA. EL ORDENAMIENTO JURÍDICO INTERNACIONAL | Lección 1. COMUNIDAD INTERNACIONAL Y DERECHO INTERNACIONAL | PARTE SEGUNDA. LA CREACIÓN DEL DERECHO INTERNACIONAL | Lección 2 LAS FUENTES DEL DERECHO INTERNACIONAL | Lección 3. LOS TRATADOS INTERNACIONALES | PARTE TERCERA. LOS SUJETOS DEL DERECHO INTERNACIONAL | Lección 4. LA PERSONALIDAD INTERNACIONAL | Lección 5. EL ESTADO COMO SUJETO DEL DERECHO INTERNACIONAL | Lección 6. LOS ÓRGANOS ESTATALES DE LAS RELACIONES INTERNACIONALES | Lección 7. LA ORGANIZACIÓN DE LAS NACIONES UNIDAS (ONU) | PARTE CUARTA. LA REGULACIÓN INTERNACIONAL DE LAS COMPETENCIAS DEL ESTADO | Lección 8. LAS COMPETENCIAS DEL ESTADO SOBRE EL TERRITORIO | Lección 9. LAS COMPETENCIAS DEL ESTADO SOBRE LOS ESPACIOS MARINOS Y SOBRE EL ESPACIO AÉREO | Lección 10. COMPETENCIAS DE LOS ESTADOS SOBRE OTROS ESPACIOS NO SUJETOS A LA SOBERANIA | Lección 11. LAS COMPETENCIAS DEL ESTADO SOBRE LAS PERSONAS | PARTE QUINTA. OTRAS FUNCIONES FUNDAMENTALES DEL DERECHO INTERNACIONAL | Lección 12. EL MANTENIMIENTO DE LA PAZ Y DE LA SEGURIDAD INTERNACIONALES | Lección 13. LA PROTECCIÓN INTERNACIONAL DE LOS DERECHOS HUMANOS | Lección 14. LA PROTECCIÓN INTERNACIONAL DEL MEDIO AMBIENTE | PARTE SEXTA. LA APLICACIÓN DEL DERECHO INTERNACIONAL | Lección 15. LA APLICACIÓN DEL DERECHO INTERNACIONAL EN EL DERECHO INTERNO | Lección 16. LA RESPONSABILIDAD INTERNACIONAL | Lección 17. LOS MECANISMOS PARA ASEGURAR LA APLICACION DEL DERECHO INTERNACIONAL | Lección 18. EL ARREGLO PACÍFICO DE CONTROVERSIAS INTERNACIONALES: LOS MEDIOS DE SOLUCIÓN POLÍTICOS | Lección 19. EL ARREGLO PACÍFICO DE LAS CONTROVERSIAS INTERNACIONALES: LOS MEDIOS DE SOLUCIÓN JURISDICCIONAL |
650 7 _2lemb
_aDerecho internacional público
700 _aCastillo Daudí, Mireya
_9199470
_eautor
700 _aBou Franch, Valentín
_9199471
_eautor
942 _2ddc
_cBK
999 _c114119
_d114119